Statistical inference for stochastic processes
Guardado en:
| Autor principal: | |
|---|---|
| Otros Autores: | |
| Formato: | Libro |
| Lenguaje: | inglés |
| Publicado: |
London
Academia Press
1980
|
| Colección: | Probability and mathematical statistics
|
| Etiquetas: |
Sin Etiquetas, Sea el primero en etiquetar este registro!
|
MARC
| LEADER | 00000nam a2200000 4500 | ||
|---|---|---|---|
| 001 | c129080 | ||
| 005 | 20041019155245.3 | ||
| 041 | 0 | |a eng | |
| 044 | |a US | ||
| 245 | 1 | 0 | |a Statistical inference for stochastic processes |c Ishwar V. Basawa, B.L.S. Prakasa Rao |
| 264 | 1 | |a London |b Academia Press |c 1980 | |
| 300 | |a 435 s. | ||
| 490 | 1 | |a Probability and mathematical statistics | |
| 830 | 0 | |a Probability and mathematical statistics | |
| 100 | 1 | |a Basawa, Ishwar V. | |
| 700 | 1 | |a Prakasa Rao, B.L.S. | |